000 00241nam a2200097Ia 4500
008 190216s9999||||xx |||||||||||||| ||und||
100 _aKrishnan & Ashokan
245 0 _aIndia Sothum Nikuthiyum
260 _bKerala Basha Inst
942 _cBK
999 _c34802
_d34802